00322nam a22001217a 450000500170000000800410001702000220005810000250008024500380010526000370014330000080018065000120018820260213155652.0260213b |||||||| |||| 00| 0 eng d a978-93-55287-86-8 aP. Sharma & S. Verma aEffective Technical Communication aNew DelhibKhanna Book Pubc2026 a166 aEnglish